000 00565nam a2200217Ii 4500
003 JO-AjNU
008 230606s9999||||xx |||||||||||||| ||und||
020 _a978-0-7897-2611-7
040 _aJO-AjNU
_beng
_erda
_cJO-AjNU
041 _aeng
050 1 4 _aQA76.H94.B87.2002
100 3 _aBurns,Joe,
_eauthor
_91015
245 0 0 _aHtml Goodies
250 _a2 ed
264 3 1 _aQUE:INDIANAPOLIS:2002
300 _a586p
336 _atext
_btxt
_2rdacontent
337 _aunmediated
_bn
_2rdamedia
338 _avolume
_bnc
_2rdacarrier
650 4 _aHtml Goodies
_91016
999 _aE533
_c533
_d533